[Event "SWE-chT 1314"]
[Site "Sweden"]
[Date "2013.11.24"]
[Round "3.4"]
[White "Orndahl, Markus"]
[Black "Vaarala, Eric"]
[Result "1-0"]
[WhiteElo "2203"]
[BlackElo "2294"]
[PlyCount "95"]
[EventDate "2013.11.22"]
[EventType "team-tourn"]
[EventRounds "9"]
[EventCountry "SWE"]
[SourceTitle "CBM 157 Extra"]
[Source "ChessBase"]
[SourceDate "2013.12.19"]
[SourceVersion "1"]
[SourceVersionDate "2013.12.19"]
[SourceQuality "1"]
[WhiteTeam "Vasteras"]
[BlackTeam "Stockholm Viking"]
[WhiteTeamCountry "SWE"]
[BlackTeamCountry "SWE"]

1. e4 e6 2. d4 d5 3. Nc3 dxe4 4. Nxe4 Nd7 5. Nf3 Ngf6 6. Bg5 Be7 7. Nxf6+ Bxf6 8. h4 h6 9. Be3 c5 10. c3 cxd4 11. Nxd4 a6 12. Bd3 Nb6 13. Qe2 Nd5 14. 0-0-0 Qe7 15. Be4 Nxe3 16. Qxe3 0-0 17. Nf3 e5 18. Kb1 Re8 19. Rde1 Bd7 20. Reg1 Bc6 21. g4 Bxe4+ 22. Qxe4 g6 23. h5 g5 24. Rd1 Rad8 25. Nd2 Rd7 26. Nc4 Red8 27. Kc2 Qe6 28. a3 b5 29. Ne3 a5 30. Rxd7 Rxd7 31. Rd1 Rxd1 32. Kxd1 Be7 33. Qa8+ Kh7 34. Qe4+ Kg8 35. Qa8+ Kh7 36. Qd5 Qf6 37. Ke2 b4 38. axb4 axb4 39. cxb4 Bd8 40. b5 Kg8 41. Qc6 Qe6 42. Qxe6 fxe6 43. Kd3 Kf7 44. Nc4 Bc7 45. b6 Bb8 46. Na5 Ke8 47. Nc6 Bd6 48. b7 1-0

[Event "Crawley e2e4 Gatwick op"]
[Site "Crawley"]
[Date "2013.10.27"]
[Round "2"]
[White "Seps, Monika"]
[Black "Vaarala, Eric"]
[Result "1/2-1/2"]
[WhiteElo "2260"]
[BlackElo "2289"]
[PlyCount "81"]
[EventDate "2013.10.26"]
[EventType "swiss"]
[EventRounds "9"]
[EventCountry "ENG"]
[SourceTitle "EXT 2014"]
[Source "ChessBase"]
[SourceDate "2013.11.20"]
[SourceVersion "1"]
[SourceVersionDate "2013.11.20"]
[SourceQuality "1"]

1. d4 Nf6 2. Nf3 g6 3. Bg5 Bg7 4. Nbd2 d5 5. e3 0-0 6. Bd3 c5 7. c3 Qb6 8. Rb1 Nc6 9. 0-0 cxd4 10. exd4 Bf5 11. Bxf5 gxf5 12. Bxf6 Bxf6 13. Nb3 e6 14. Nc5 Qc7 15. Nd3 Kh8 16. Qd2 Rg8 17. Rfe1 Rg4 18. h3 Rg7 19. Qf4 Qxf4 20. Nxf4 Rgg8 21. Nd3 b6 22. Kf1 Rac8 23. Nfe5 Nxe5 24. Nxe5 Bxe5 25. Rxe5 Rc4 26. g3 b5 27. a3 a5 28. Ra1 Rb8 29. g4 f4 30. Kg2 Kg8 31. Kf3 b4 32. axb4 axb4 33. Kxf4 bxc3 34. bxc3 Rxc3 35. Re3 Rxe3 36. fxe3 Rb2 37. g5 Kg7 38. h4 Rf2+ 39. Kg3 Rf5 40. Ra5 h6 41. gxh6+ 1/2-1/2

[Event "Oslo Vederhus Memorial op"]
[Site "Oslo"]
[Date "2013.09.29"]
[Round "4"]
[White "Strand, Haakon"]
[Black "Vaarala, Eric"]
[Result "0-1"]
[WhiteElo "2151"]
[BlackElo "2289"]
[PlyCount "62"]
[EventDate "2013.09.29"]
[EventType "swiss"]
[EventRounds "9"]
[EventCountry "NOR"]
[SourceTitle "CBM 156 Extra"]
[Source "ChessBase"]
[SourceDate "2013.10.22"]
[SourceVersion "1"]
[SourceVersionDate "2013.10.22"]
[SourceQuality "1"]

1. e4 c5 2. Nf3 b6 3. d4 cxd4 4. Nxd4 Bb7 5. Nc3 a6 6. Bg5 h6 7. Bh4 Nc6 8. Qd2 Nf6 9. Be2 e6 10. Nxc6 dxc6 11. Qe3 Bc5 12. Qf3 Bd4 13. 0-0-0 c5 14. Qh3 Qc7 15. Bg3 Qc6 16. e5 Bxc3 17. exf6 Bxf6 18. Rd6 Qxg2 19. Qxg2 Bxg2 20. Rg1 Bd5 21. Rxb6 0-0 22. Bf4 Kh8 23. a4 c4 24. Kb1 Bd4 25. Rb4 Bxf2 26. Rf1 Bc5 27. Rxc4 Bxc4 28. Bxc4 a5 29. Be5 f6 30. Bc3 e5 31. Rd1 Bb4 0-1

[Event "Oslo Vederhus Memorial op"]
[Site "Oslo"]
[Date "2013.09.29"]
[Round "7"]
[White "Vaarala, Eric"]
[Black "Adhiban, Baskaran"]
[Result "1/2-1/2"]
[WhiteElo "2289"]
[BlackElo "2567"]
[PlyCount "84"]
[EventDate "2013.09.29"]
[EventType "swiss"]
[EventRounds "9"]
[EventCountry "NOR"]
[SourceTitle "CBM 156 Extra"]
[Source "ChessBase"]
[SourceDate "2013.10.22"]
[SourceVersion "1"]
[SourceVersionDate "2013.10.22"]
[SourceQuality "1"]

1. c4 e5 2. Nc3 Bb4 3. g3 Bxc3 4. dxc3 d6 5. Bg2 Nc6 6. c5 Nge7 7. cxd6 cxd6 8. e4 0-0 9. Nf3 h6 10. 0-0 Be6 11. b3 Qd7 12. Ba3 Rad8 13. Qe2 Bh3 14. Rfd1 Bxg2 15. Kxg2 Qe6 16. Qc4 Qxc4 17. bxc4 Nc8 18. c5 dxc5 19. Bxc5 Rfe8 20. Rd5 Rxd5 21. exd5 Nb8 22. a4 Nd7 23. Be3 f5 24. h4 Ncb6 25. Rb1 Nxd5 26. Rxb7 Nxe3+ 27. fxe3 Nf6 28. Rxa7 Ng4 29. a5 Rb8 30. a6 Rb6 31. Ra8+ Kf7 32. a7 Ra6 33. h5 Ra2+ 34. Kf1 e4 35. Nh4 Nxe3+ 36. Kg1 Ra1+ 37. Kf2 Nd1+ 38. Kg2 Ne3+ 39. Kf2 Nd1+ 40. Kg2 Ne3+ 41. Kf2 Nd1+ 42. Kg2 Ne3+ 1/2-1/2

[Event "Oslo Vederhus Memorial op"]
[Site "Oslo"]
[Date "2013.09.29"]
[Round "1"]
[White "Vaarala, Eric"]
[Black "Rozentalis, Eduardas"]
[Result "0-1"]
[WhiteElo "2289"]
[BlackElo "2614"]
[PlyCount "104"]
[EventDate "2013.09.29"]
[EventType "swiss"]
[EventRounds "9"]
[EventCountry "NOR"]
[SourceTitle "CBM 156 Extra"]
[Source "ChessBase"]
[SourceDate "2013.10.22"]
[SourceVersion "1"]
[SourceVersionDate "2013.10.22"]
[SourceQuality "1"]

1. d4 Nf6 2. Nf3 b5 3. g3 Bb7 4. Bg2 e6 5. 0-0 c5 6. c3 Be7 7. a4 b4 8. Nbd2 0-0 9. Qc2 bxc3 10. bxc3 cxd4 11. cxd4 Na6 12. Ba3 Nb4 13. Bxb4 Bxb4 14. Rfb1 a5 15. Rc1 Qb6 16. e3 Rab8 17. Nc4 Qa6 18. Na3 Rfc8 19. Qd1 Rxc1 20. Qxc1 Bc6 21. Nb5 Bxb5 22. axb5 Qxb5 23. Ne5 Nd5 24. Bxd5 Qxd5 25. Qc7 Qb7 26. Qxd7 Qxd7 27. Nxd7 Rc8 28. Nc5 Bxc5 29. Rc1 Kf8 30. dxc5 Ke7 31. Kf1 Kd7 32. Ke2 Kc6 33. Ra1 Ra8 34. Kd3 Kxc5 35. Kc3 a4 36. Rc1 Rb8 37. Ra1 Rb3+ 38. Kc2 Rb4 39. Kc3 Rc4+ 40. Kd3 f5 41. Rb1 a3 42. Ra1 Ra4 43. Kc3 a2 44. Kb3 Ra7 45. f3 e5 46. Rc1+ Kb5 47. Ra1 g6 48. f4 e4 49. h3 h5 50. h4 Ra6 51. Kb2 Kb4 52. Kc2 Kc4 0-1